000 00311nam a22001337a 4500
020 _a0-07-072801-1
082 _a621.31028 ZBA'B
100 _aZBAR, PAUL B
_974617
245 _aBASIC ELECTRICITY A TEXT - LAB MANUAL
250 _a5TH
260 _aNEWYORK
_bMCGRAW HILL
_c1983
300 _a354
942 _cBK
999 _c580130
_d580130